| 000 | 00421nam a22001697a 4500 | ||
|---|---|---|---|
| 003 | CEME | ||
| 005 | 20210628205209.0 | ||
| 008 | 210215b xxu||||| |||| 00| 0 eng d | ||
| 020 | _a81-7100-698-4 | ||
| 040 | _c. | ||
| 082 | _a658.2 BHA'D | ||
| 100 |
_aBhangoo, Keser Singh _974379 |
||
| 245 | _aDynamics of industrial relations | ||
| 260 |
_aNEWDELHI _bDEEP AND DEEP _c1995 |
||
| 300 | _aXIV, 277P | ||
| 942 |
_cBK _2ddc |
||
| 999 |
_c579915 _d579915 |
||